Succeeding in applied calculus / (Record no. 6199)

MARC details
000 -LEADER
fixed length control field 01235nam a2200337 4500
001 - CONTROL NUMBER
control field 14145257
005 - DATE AND TIME OF LATEST TRANSACTION
control field 20150429124429.0
007 - PHYSICAL DESCRIPTION FIXED FIELD--GENERAL INFORMATION
fixed length control field 000
008 - FIXED-LENGTH DATA ELEMENTS--GENERAL INFORMATION
fixed length control field 000
010 ## - LIBRARY OF CONGRESS CONTROL NUMBER
LC control number 2005936003
020 ## - INTERNATIONAL STANDARD BOOK NUMBER
International Standard Book Number 0495111538
International Standard Book Number 0495220019 (1pass access code)
040 ## - CATALOGING SOURCE
Original cataloging agency UOEL
Transcribing agency DLC
Modifying agency DLC
050 00 - LIBRARY OF CONGRESS CALL NUMBER
Classification number QA301
Item number .G67 2007
100 1# - MAIN ENTRY--PERSONAL NAME
Personal name Gordon, Warren B.
245 10 - TITLE STATEMENT
Title Succeeding in applied calculus /
Statement of responsibility, etc Warren B. Gordon.
246 30 - VARYING FORM OF TITLE
Title proper/short title Applied calculus
Display text Subtitle on cover:
Title proper/short title Algebra essentials
250 ## - EDITION STATEMENT
Edition statement 2nd ed.
260 ## - PUBLICATION, DISTRIBUTION, ETC. (IMPRINT)
Place of publication, distribution, etc Belmont, CA:
Name of publisher, distributor, etc Thomson Brooks/Cole,
Date of publication, distribution, etc c2007.
300 ## - PHYSICAL DESCRIPTION
Extent x, 225 p. :
Other physical details ill. ;
Dimensions 24 cm.
500 ## - GENERAL NOTE
General note Includes index.
650 #0 - SUBJECT ADDED ENTRY--TOPICAL TERM
Topical term or geographic name as entry element Algebra.
General subdivision Mathematics
Topical term or geographic name as entry element Algebra
Form subdivision Problems, exercises, etc.
General subdivision Mathematics
856 41 - ELECTRONIC LOCATION AND ACCESS
Materials specified Table of contents only
Uniform Resource Identifier <a href="http://www.loc.gov/catdir/toc/fy0704/2005936003.html">http://www.loc.gov/catdir/toc/fy0704/2005936003.html</a>
Materials specified Contributor biographical information
Uniform Resource Identifier <a href="http://www.loc.gov/catdir/enhancements/fy1104/2005936003-b.html">http://www.loc.gov/catdir/enhancements/fy1104/2005936003-b.html</a>
Materials specified Publisher description
Uniform Resource Identifier <a href="http://www.loc.gov/catdir/enhancements/fy1104/2005936003-d.html">http://www.loc.gov/catdir/enhancements/fy1104/2005936003-d.html</a>
906 ## - LOCAL DATA ELEMENT F, LDF (RLIN)
a 7
b cbc
c origcop
d 3
e epcn
f 20
g y-gencatlg
942 ## - ADDED ENTRY ELEMENTS (KOHA)
Source of classification or shelving scheme Library of Congress Classification
Item type Loan - Normal on open shelf
Holdings
Withdrawn status Lost status Source of classification or shelving scheme Damaged status Not for loan Home library Current library Shelving location Date acquired Total Checkouts Full call number Barcode Date last seen Copy number Price effective from Koha item type
    Library of Congress Classification     UOE Main Library UOE Main Library Open shelf 29/04/2015   QA301 .G67 2007 20140510 27/04/2026 20140510 29/04/2015 Loan - Normal on open shelf